Statistics for Soccer Logos (Partially) #1 - Easy

Click here to take the quiz!

General Stats

  • This quiz has been taken 55 times
  • The average score is 14 of 16

Answer Stats

Answer% Correct
Liverpool
100%
Paris Saint Germain
100%
Real Madrid
100%
Arsenal
98%
Bayern Munich
98%
Barcelona
96%
Manchester City
96%
Manchester United
96%
AC Milan
92%
Atletico Madrid
92%
Dortmund
92%
AS Roma
86%
SL Benfica
78%
Newcastle United
76%
AS Monaco
74%
FC Porto
42%

Score Distribution

Percentile by Number Answered

Percent of People with Each Score

Your Score History

You have not taken this quiz